[Event "Barcelona Sant Marti op 11th"]
[Site "Barcelona"]
[Date "2024.01.25"]
[Round "3"]
[White "Perez Parra, Agusti"]
[Black "Ferrer Ache, Jesus"]
[Result "0-1"]
[WhiteElo "1181"]
[BlackElo "1438"]
[PlyCount "96"]
[EventDate "2024.01.11"]
[EventType "swiss"]
[EventRounds "9"]
[EventCountry "ESP"]
[SourceTitle "CB11_2024"]
[SourceDate "2024.03.13"]
[SourceVersion "1"]
[SourceVersionDate "2024.03.13"]
[SourceQuality "1"]

1. d4 d5 2. a3 Nf6 3. Bg5 e6 4. Nf3 Be7 5. e3 Bd7 6. Nc3 a6 7. b3 h6 8. Bf4 Bc6 9. Ne5 Bd6 10. Bd3 Bd7 11. 0-0 Nc6 12. Na4 b5 13. Nc5 Bxc5 14. dxc5 Rc8 15. Qd2 Qe7 16. b4 g5 17. Bg3 Nh5 18. Be2 Nxg3 19. fxg3 Nxe5 20. Qd4 f6 21. Bh5+ Kd8 22. Rf2 Rf8 23. Raf1 Nc6 24. Qc3 f5 25. g4 Be8 26. Bxe8 Qxe8 27. gxf5 e5 28. f6 Qe6 29. Qd3 Rf7 30. e4 d4 31. Qe2 Kd7 32. Qh5 Rh8 33. Qg6 Rhf8 34. Qxh6 g4 35. Rf5 Qa2 36. Qc1 Qe6 37. Qg5 Qa2 38. Qc1 Qc4 39. R1f2 d3 40. Rd2 Qxe4 41. Rg5 Qe3+ 42. Kh1 Nd4 43. Rxg4 Rxf6 44. Rg7+ R8f7 45. Rxf7+ Rxf7 46. Qd1 dxc2 47. Rxc2 Kc6 48. h4 Nxc2 0-1

[Event "Barcelona Sant Marti op-B 23rd"]
[Site "Barcelona"]
[Date "2023.07.20"]
[Round "8"]
[White "Perez Parra, Agusti"]
[Black "Vilchez Cardenas, Juan Antonio"]
[Result "0-1"]
[WhiteElo "1234"]
[BlackElo "1700"]
[PlyCount "80"]
[EventDate "2023.07.13"]
[EventType "swiss"]
[EventRounds "9"]
[EventCountry "ESP"]
[SourceTitle "CBM 215 Extra"]
[Source "ChessBase"]
[SourceDate "2023.09.30"]
[SourceVersion "1"]
[SourceVersionDate "2023.09.30"]
[SourceQuality "1"]

1. d4 Nf6 2. Nc3 d5 3. Nf3 Nc6 4. b3 e6 5. Bg5 Be7 6. Bf4 a6 7. e3 h6 8. a3 0-0 9. Bd3 Bd6 10. Be5 b5 11. 0-0 b4 12. axb4 Nxb4 13. Ra4 Bd7 14. Ra1 Be7 15. Qd2 a5 16. Bb5 c6 17. Bd3 Qb6 18. Na4 Qa7 19. Nc5 Bxc5 20. Bxf6 gxf6 21. dxc5 Qxc5 22. e4 Kg7 23. e5 Nxd3 24. cxd3 f5 25. d4 Qb6 26. Qc3 Rfc8 27. Rfb1 c5 28. h3 cxd4 29. Qxd4 Qxd4 30. Nxd4 Rcb8 31. h4 Rb4 32. Nf3 Bb5 33. g3 Be2 34. Kg2 Bd3 35. Nd2 Bxb1 36. Rxb1 d4 37. Kf3 h5 38. Kf4 d3+ 39. Kg5 Rh8 40. Ra1 Rg4# 0-1

[Event "Barcelona Sant Marti op 10th"]
[Site "Barcelona"]
[Date "2023.02.23"]
[Round "7"]
[White "Perez Parra, Agusti"]
[Black "Navarro Garcia, Alberto"]
[Result "0-1"]
[WhiteElo "1178"]
[BlackElo "1498"]
[PlyCount "62"]
[EventDate "2023.01.12"]
[EventType "swiss"]
[EventRounds "9"]
[EventCountry "ESP"]
[SourceTitle "CBM 213 Extra"]
[Source "ChessBase"]
[SourceDate "2023.05.31"]
[SourceVersion "1"]
[SourceVersionDate "2023.05.31"]
[SourceQuality "1"]

1. c4 Nf6 2. Nc3 e6 3. a3 b6 4. e3 Bb7 5. e4 Nxe4 6. Nxe4 Bxe4 7. d3 Bb7 8. Nf3 c5 9. b3 Be7 10. Bb2 Bf6 11. Rb1 d5 12. d4 0-0 13. Ne5 Nd7 14. Nxd7 Qxd7 15. dxc5 Bxb2 16. Rxb2 bxc5 17. cxd5 Rad8 18. Rd2 exd5 19. Bc4 Rfe8+ 20. Be2 Ba6 21. 0-0 Bxe2 22. Rxe2 Rxe2 23. Qxe2 Re8 24. Qc2 Qc6 25. h3 g6 26. Rc1 Rc8 27. b4 c4 28. a4 a6 29. Rb1 Rb8 30. Kf1 d4 31. Ke2 d3+ 0-1

[Event "Barcelona Sant Marti op 10th"]
[Site "Barcelona"]
[Date "2023.01.19"]
[Round "2"]
[White "Perez Parra, Agusti"]
[Black "Abascal Vicente, Ignacio"]
[Result "0-1"]
[WhiteElo "1178"]
[BlackElo "1542"]
[PlyCount "74"]
[EventDate "2023.01.12"]
[EventType "swiss"]
[EventRounds "9"]
[EventCountry "ESP"]
[SourceTitle "CBM 213 Extra"]
[Source "ChessBase"]
[SourceDate "2023.05.31"]
[SourceVersion "1"]
[SourceVersionDate "2023.05.31"]
[SourceQuality "1"]

1. c4 Nf6 2. d3 g6 3. Bd2 Bg7 4. Bc3 0-0 5. Nf3 d6 6. e3 c5 7. Be2 Nc6 8. 0-0 e6 9. a3 d5 10. cxd5 exd5 11. d4 Ne4 12. dxc5 Nxc3 13. bxc3 Be6 14. Nd4 Rc8 15. Nxe6 fxe6 16. Ra2 Ne5 17. Rb2 Qe7 18. f4 Nc4 19. Bxc4 dxc4 20. Qd6 Qf7 21. Qd1 Rxc5 22. e4 Qc7 23. e5 Rd5 24. Qe2 b5 25. Rd1 Rfd8 26. Rxd5 Rxd5 27. Nd2 Qc5+ 28. Kf1 Qxa3 29. Ne4 a5 30. Ra2 Qc1+ 31. Kf2 Qxf4+ 32. Qf3 Qxf3+ 33. Kxf3 a4 34. Ng5 Rxe5 35. Kf4 Rf5+ 36. Kg4 h5+ 37. Kh4 Bf6 0-1

[Event "Barcelona Sant Marti op 8th"]
[Site "Barcelona"]
[Date "2019.01.24"]
[Round "2"]
[White "Genoves Dexeus, David"]
[Black "Perez Parra, Agusti"]
[Result "1-0"]
[WhiteElo "1636"]
[BlackElo "1700"]
[PlyCount "57"]
[EventDate "2019.01.17"]
[EventType "swiss"]
[EventRounds "9"]
[EventCountry "ESP"]
[SourceTitle "CBM 189 Extra"]
[Source "ChessBase"]
[SourceDate "2019.06.03"]
[SourceVersion "1"]
[SourceVersionDate "2019.06.03"]
[SourceQuality "1"]

1. Nf3 d5 2. d4 c6 3. c4 dxc4 4. e4 b5 5. a4 g6 6. Be3 Bg7 7. Nc3 Nf6 8. axb5 cxb5 9. Nxb5 Qb6 10. Bxc4 Ba6 11. d5 Qd8 12. d6 Bxb5 13. Bxb5+ Nfd7 14. e5 0-0 15. Qd5 Nb6 16. Bxb6 Qxb6 17. dxe7 Nc6 18. exf8Q+ Bxf8 19. Qxc6 Bb4+ 20. Ke2 Qd8 21. Rhd1 Qb8 22. Qd5 a5 23. Ng5 Qf8 24. Bc4 Ra7 25. Qd8 Re7 26. Qxf8+ Kxf8 27. e6 f6 28. Nxh7+ Kg7 29. Rd7 1-0

[Event "Barcelona Sant Marti op 8th"]
[Site "Barcelona"]
[Date "2019.01.17"]
[Round "1"]
[White "Perez Parra, Agusti"]
[Black "Alcaraz Lopez, Francesco"]
[Result "0-1"]
[WhiteElo "1700"]
[BlackElo "1805"]
[PlyCount "52"]
[EventDate "2019.01.17"]
[EventType "swiss"]
[EventRounds "9"]
[EventCountry "ESP"]
[SourceTitle "CBM 189 Extra"]
[Source "ChessBase"]
[SourceDate "2019.06.03"]
[SourceVersion "1"]
[SourceVersionDate "2019.06.03"]
[SourceQuality "1"]

1. d4 d6 2. Nf3 g6 3. e4 Bg7 4. g3 Nf6 5. Nc3 0-0 6. d5 c6 7. dxc6 bxc6 8. Bg2 Ba6 9. a4 Qc7 10. Bd2 Nbd7 11. b4 Rab8 12. Qb1 Bc4 13. Ra3 Rb7 14. b5 Rfb8 15. Nd4 cxb5 16. axb5 Qc5 17. Qa1 Qxd4 18. Be3 Qe5 19. Kd2 Ng4 20. Ke1 Nxe3 21. fxe3 Bxb5 22. Kd2 a6 23. Nxb5 Qxa1 24. Rhxa1 Bxa1 25. Nxd6 exd6 26. Rxa1 Ra7 0-1